000 00308nam a2200133Ia 4500
100 _aAho/ A.V. & others
942 _cBK
654 _aData structures & algorithms
245 _aData structures & Algorithms
260 _bAddison Wesly
_aLondon
_c1982
300 _a344
546 _aENGLISH
999 _c27596
_d27596